[Event "CZE-chT2F 2223"]
[Site "Czech Republic"]
[Date "2022.12.18"]
[Round "5"]
[White "Valencik, Jozef"]
[Black "Vesely, Martin"]
[Result "1/2-1/2"]
[WhiteElo "2023"]
[BlackElo "2024"]
[PlyCount "21"]
[EventDate "2022.10.16"]
[EventType "team-tourn"]
[EventRounds "11"]
[EventCountry "CZE"]
[SourceTitle "EXT 2024"]
[Source "ChessBase"]
[SourceDate "2023.10.10"]
[SourceVersion "1"]
[SourceVersionDate "2023.10.10"]
[SourceQuality "1"]
[WhiteTeam "Havirov Slovan"]
[BlackTeam "Ostrava II"]
[WhiteTeamCountry "CZE"]
[BlackTeamCountry "CZE"]

1. d4 c5 2. e4 cxd4 3. c3 d3 4. Bxd3 Nc6 5. Be3 d5 6. exd5 Qxd5 7. Nf3 Bg4 8. Be2 Qxd1+ 9. Bxd1 e5 10. 0-0 Nf6 11. Nbd2 1/2-1/2

[Event "CZE-chT2F 2223"]
[Site "Czech Republic"]
[Date "2022.11.20"]
[Round "3"]
[White "Valencik, Jozef"]
[Black "Sramek, Tomas"]
[Result "1-0"]
[WhiteElo "2023"]
[BlackElo "1947"]
[PlyCount "77"]
[EventDate "2022.10.16"]
[EventType "team-tourn"]
[EventRounds "11"]
[EventCountry "CZE"]
[SourceTitle "EXT 2024"]
[Source "ChessBase"]
[SourceDate "2023.10.10"]
[SourceVersion "1"]
[SourceVersionDate "2023.10.10"]
[SourceQuality "1"]
[WhiteTeam "Havirov Slovan"]
[BlackTeam "Orlova Slavia II"]
[WhiteTeamCountry "CZE"]
[BlackTeamCountry "CZE"]

1. d4 Nf6 2. Nf3 c5 3. c3 e6 4. Bf4 Nc6 5. e3 d5 6. Nbd2 Bd6 7. Ne5 0-0 8. Bd3 Ne7 9. Qc2 c4 10. Be2 Ne8 11. Bg3 f6 12. Nef3 Qc7 13. e4 Ng6 14. 0-0 b5 15. a4 Bxg3 16. hxg3 Bd7 17. axb5 Bxb5 18. exd5 exd5 19. b3 Nd6 20. bxc4 dxc4 21. Rfb1 a6 22. Nf1 Rac8 23. Ne3 Rfe8 24. Nd2 Kh8 25. Bh5 Qf7 26. Nf3 Re7 27. Nh4 Kg8 28. Nxg6 hxg6 29. Bxg6 Qe6 30. Nf5 Rec7 31. Re1 Qd5 32. Ne7+ Rxe7 33. Rxe7 Bc6 34. f3 Qg5 35. Bh7+ Kh8 36. Rae1 Qxg3 37. Qg6 Qxg6 38. Bxg6 Nb5 39. d5 1-0

[Event "CZE-chT2F 2223"]
[Site "Czech Republic"]
[Date "2022.10.16"]
[Round "1"]
[White "Richvalsky, Patrik"]
[Black "Valencik, Jozef"]
[Result "1-0"]
[WhiteElo "2059"]
[BlackElo "2023"]
[PlyCount "67"]
[EventDate "2022.10.16"]
[EventType "team-tourn"]
[EventRounds "11"]
[EventCountry "CZE"]
[SourceTitle "EXT 2024"]
[Source "ChessBase"]
[SourceDate "2023.10.10"]
[SourceVersion "1"]
[SourceVersionDate "2023.10.10"]
[SourceQuality "1"]
[WhiteTeam "Hostalkova II"]
[BlackTeam "Havirov Slovan"]
[WhiteTeamCountry "CZE"]
[BlackTeamCountry "CZE"]

1. d4 Nf6 2. c4 e5 3. dxe5 Ng4 4. Bf4 Nc6 5. Nf3 Bb4+ 6. Nc3 Bxc3+ 7. bxc3 Qe7 8. Qd5 Qa3 9. Rc1 f6 10. exf6 Nxf6 11. Qd2 0-0 12. Bxc7 Ne4 13. Qd5+ Kh8 14. Rc2 d6 15. e3 Bf5 16. Bd3 Nxc3 17. Bxd6 Nb4 18. Qd4 Nxc2+ 19. Bxc2 Qb2 20. Bxf8 Rxf8 21. Bd1 Bc2 22. Qd6 Ra8 23. Bxc2 Qxc2 24. 0-0 Ne2+ 25. Kh1 Qxc4 26. Rd1 Qxa2 27. Ne5 h6 28. Qd3 Re8 29. Ng6+ Kg8 30. Re1 Kf7 31. Qd7+ Kxg6 32. Qxe8+ Kh7 33. Qe4+ Kg8 34. Qd3 1-0

[Event "CZE-chT2F 2122"]
[Site "Czech Republic"]
[Date "2021.12.19"]
[Round "5.4"]
[White "Byma, Pavel"]
[Black "Valencik, Jozef"]
[Result "1-0"]
[WhiteElo "2039"]
[BlackElo "1987"]
[PlyCount "59"]
[EventDate "2021.10.17"]
[EventType "team-tourn"]
[EventRounds "11"]
[EventCountry "CZE"]
[SourceTitle "EXT 2024"]
[Source "ChessBase"]
[SourceDate "2023.10.10"]
[SourceVersion "1"]
[SourceVersionDate "2023.10.10"]
[SourceQuality "1"]
[WhiteTeam "Dolni Benesov"]
[BlackTeam "Havirov Slovan"]
[WhiteTeamCountry "CZE"]
[BlackTeamCountry "CZE"]

1. e4 c5 2. Nf3 Nc6 3. g3 g6 4. Bg2 Bg7 5. 0-0 e6 6. c3 Nge7 7. d3 0-0 8. Bg5 Qc7 9. Qc1 Re8 10. Na3 a6 11. Bh6 Bh8 12. h4 d5 13. Re1 dxe4 14. dxe4 e5 15. h5 Be6 16. hxg6 fxg6 17. Ng5 Nc8 18. Nxe6 Rxe6 19. Bh3 Re8 20. Qe3 Qe7 21. Rad1 Nb6 22. Qe2 Bg7 23. Be3 Rad8 24. Nc4 Nc8 25. Rd5 Rxd5 26. exd5 Nd4 27. cxd4 exd4 28. Be6+ Kh8 29. Bf4 b5 30. Ne5 1-0

[Event "Tatry op"]
[Site "Tatranske Zruby"]
[Date "2019.10.02"]
[Round "6"]
[White "Valencik, Jozef"]
[Black "Jablonicky, Martin"]
[Result "0-1"]
[WhiteElo "2078"]
[BlackElo "2342"]
[PlyCount "82"]
[EventDate "2019.09.28"]
[EventType "swiss"]
[EventRounds "9"]
[EventCountry "SVK"]
[SourceTitle "EXT 2020"]
[Source "ChessBase"]
[SourceDate "2019.10.17"]
[SourceVersion "1"]
[SourceVersionDate "2019.10.17"]
[SourceQuality "1"]

1. d4 Nf6 2. Bf4 d6 3. Nc3 Nbd7 4. Nf3 c6 5. e4 Qa5 6. Qd2 e5 7. Be3 Be7 8. Bd3 0-0 9. 0-0 Qc7 10. a4 a5 11. Bc4 Nxe4 12. Nxe4 d5 13. Bxd5 cxd5 14. Nc3 e4 15. Nxd5 Qd6 16. Nxe7+ Qxe7 17. Ne1 Ra6 18. c4 Rg6 19. Bf4 Qh4 20. Bg3 Qh5 21. Qf4 f5 22. h3 Rc6 23. Qh4 Qe2 24. c5 Nf6 25. Bd6 Re8 26. Qg3 Be6 27. Be5 Bc4 28. Nf3 exf3 29. Rae1 Nh5 30. Qg5 Rg6 31. Qxh5 Qc2 32. Qxf3 Bxf1 33. Rxf1 Qxb2 34. Qxf5 Qb3 35. Qd7 Rf8 36. Bd6 Qd5 37. g3 Rxg3+ 38. fxg3 Qxd4+ 39. Kg2 Qd2+ 40. Kg1 Qe3+ 41. Kh2 Qe2+ 0-1

[Event "Tatry op"]
[Site "Tatranske Zruby"]
[Date "2019.09.29"]
[Round "2"]
[White "Valencik, Jozef"]
[Black "Olvecky, Jaroslav"]
[Result "1-0"]
[WhiteElo "2078"]
[BlackElo "1899"]
[PlyCount "76"]
[EventDate "2019.09.28"]
[EventType "swiss"]
[EventRounds "9"]
[EventCountry "SVK"]
[SourceTitle "EXT 2020"]
[Source "ChessBase"]
[SourceDate "2019.10.17"]
[SourceVersion "1"]
[SourceVersionDate "2019.10.17"]
[SourceQuality "1"]

1. Nf3 Nf6 2. c4 g6 3. b3 Bg7 4. Bb2 0-0 5. g3 d6 6. d4 Nbd7 7. Bg2 Rb8 8. 0-0 a6 9. Nbd2 Re8 10. d5 Nc5 11. Nd4 e5 12. dxe6 Nxe6 13. e4 Nxd4 14. Bxd4 Be6 15. Re1 Qd7 16. Qc2 Qd8 17. Rad1 Nd7 18. Ba7 Ra8 19. Be3 Rb8 20. Nf3 Ne5 21. Nd4 Bd7 22. c5 dxc5 23. Nf3 b6 24. Nxe5 Bxe5 25. f4 Bg7 26. Bh3 f5 27. exf5 Rxe3 28. Rxe3 Bd4 29. Rxd4 cxd4 30. Qc4+ Kf8 31. Qxd4 Bxf5 32. Qh8+ Kf7 33. Qxh7+ Kf8 34. Bxf5 Qd1+ 35. Kf2 Qd2+ 36. Re2 Qd4+ 37. Kg2 gxf5 38. Qxf5+ Kg8 1-0

[Event "CZE-chT2F 1819"]
[Site "Czech Republic"]
[Date "2019.01.13"]
[Round "6.4"]
[White "Trapl, Dalibor"]
[Black "Valencik, Jozef"]
[Result "1-0"]
[WhiteElo "2048"]
[BlackElo "2086"]
[PlyCount "63"]
[EventDate "2018.10.14"]
[EventType "team-tourn"]
[EventRounds "11"]
[EventCountry "CZE"]
[SourceTitle "EXT 2022"]
[Source "ChessBase"]
[SourceDate "2021.10.06"]
[SourceVersion "1"]
[SourceVersionDate "2021.10.06"]
[SourceQuality "1"]
[WhiteTeam "Poruba Slavoj III"]
[BlackTeam "Havirov Slovan"]
[WhiteTeamCountry "CZE"]
[BlackTeamCountry "CZE"]

1. c4 Nf6 2. Nc3 e6 3. e4 d5 4. cxd5 exd5 5. e5 d4 6. exf6 dxc3 7. bxc3 Qxf6 8. d4 c5 9. Bb5+ Bd7 10. Qe2+ Qe7 11. Rb1 Qxe2+ 12. Nxe2 Nc6 13. 0-0 0-0-0 14. Be3 Bf5 15. Rb2 Na5 16. dxc5 a6 17. Ng3 axb5 18. Nxf5 Nc4 19. Rxb5 g6 20. Bd4 Rg8 21. Ne3 Nxe3 22. Bxe3 Bg7 23. Rfb1 Bxc3 24. Rxb7 Rd1+ 25. Rxd1 Kxb7 26. c6+ Kc8 27. Rd7 f5 28. Bf4 Re8 29. h4 Re4 30. g3 Rc4 31. Rd6 Ba5 32. Rf6 1-0

[Event "CZE-chT2F 1819"]
[Site "Czech Republic"]
[Date "2018.12.02"]
[Round "4.5"]
[White "Sieber, Martin"]
[Black "Valencik, Jozef"]
[Result "0-1"]
[WhiteElo "2078"]
[BlackElo "2095"]
[PlyCount "54"]
[EventDate "2018.10.14"]
[EventType "team-tourn"]
[EventRounds "11"]
[EventCountry "CZE"]
[SourceTitle "EXT 2022"]
[Source "ChessBase"]
[SourceDate "2021.10.06"]
[SourceVersion "1"]
[SourceVersionDate "2021.10.06"]
[SourceQuality "1"]
[WhiteTeam "Orlova Slavia II"]
[BlackTeam "Havirov Slovan"]
[WhiteTeamCountry "CZE"]
[BlackTeamCountry "CZE"]

1. d4 Nf6 2. Bf4 e6 3. Nf3 d5 4. e3 Bd6 5. Bg3 0-0 6. Bd3 b6 7. Nbd2 Bb7 8. Ne5 Ne4 9. f3 Nxd2 10. Qxd2 Nd7 11. c3 f6 12. Nxd7 Qxd7 13. Bxd6 Qxd6 14. Qc2 f5 15. g4 e5 16. gxf5 exd4 17. cxd4 Qh6 18. f4 c5 19. dxc5 bxc5 20. Qxc5 Qh4+ 21. Ke2 d4 22. Rag1 Bxh1 23. Rxh1 dxe3 24. Qxe3 Rae8 25. Bc4+ Kh8 26. Be6 Rxf5 27. Rf1 Qf6 0-1

[Event "Pobeskydy op"]
[Site "Frydek Mistek"]
[Date "2018.03.31"]
[Round "5"]
[White "Seddaoui, Yamine"]
[Black "Valencik, Jozef"]
[Result "1/2-1/2"]
[WhiteElo "2153"]
[BlackElo "1997"]
[PlyCount "45"]
[EventDate "2018.03.29"]
[EventType "swiss"]
[EventRounds "9"]
[EventCountry "CZE"]
[SourceTitle "CBM 183 Extra"]
[Source "ChessBase"]
[SourceDate "2018.04.19"]
[SourceVersion "1"]
[SourceVersionDate "2018.04.19"]
[SourceQuality "1"]

1. e4 c5 2. Nf3 e6 3. c4 Nc6 4. Nc3 Nf6 5. Be2 d5 6. cxd5 exd5 7. exd5 Nxd5 8. 0-0 Be7 9. d4 Be6 10. Nxd5 Qxd5 11. Be3 cxd4 12. Nxd4 Nxd4 13. Bxd4 0-0 14. Bf3 Qd7 15. Bc3 Rad8 16. Qe2 b6 17. Be4 Rfe8 18. Qc2 h6 19. Rfd1 Qb5 20. Bh7+ Kh8 21. Bd3 Qg5 22. Bd2 Qe5 23. Bc3 1/2-1/2

[Event "CZE-chT2F 1718"]
[Site "Czech Republic"]
[Date "2018.02.25"]
[Round "9.8"]
[White "Valencik, Jozef"]
[Black "Vitasek, Jan"]
[Result "1-0"]
[WhiteElo "1973"]
[BlackElo "1951"]
[PlyCount "53"]
[EventDate "2017.10.15"]
[EventType "team-tourn"]
[EventRounds "11"]
[EventCountry "CZE"]
[SourceTitle "EXT 2022"]
[Source "ChessBase"]
[SourceDate "2021.10.06"]
[SourceVersion "1"]
[SourceVersionDate "2021.10.06"]
[SourceQuality "1"]
[WhiteTeam "Havirov Slovan"]
[BlackTeam "Benesov Dolni"]
[WhiteTeamCountry "CZE"]
[BlackTeamCountry "CZE"]

1. e4 e5 2. Nf3 Nc6 3. Bc4 Be7 4. d4 d6 5. h3 Nf6 6. Nc3 0-0 7. 0-0 h6 8. Be3 a6 9. a4 exd4 10. Nxd4 Nxd4 11. Qxd4 Nh7 12. Rad1 Bf6 13. Qd2 Bxc3 14. Qxc3 Qf6 15. Bd4 Qg6 16. Rd3 c5 17. Bxg7 Qxg7 18. Rg3 Ng5 19. h4 Qxc3 20. bxc3 Kg7 21. f4 Bd7 22. fxg5 h5 23. Rgf3 Bxa4 24. Rxf7+ Rxf7 25. Rxf7+ Kg6 26. Rxb7 Bxc2 27. Bf7+ 1-0

[Event "CZE-chT2F 1718"]
[Site "Czech Republic"]
[Date "2018.02.11"]
[Round "8.8"]
[White "Valek, Milan"]
[Black "Valencik, Jozef"]
[Result "1/2-1/2"]
[WhiteElo "2028"]
[BlackElo "1973"]
[PlyCount "74"]
[EventDate "2017.10.15"]
[EventType "team-tourn"]
[EventRounds "11"]
[EventCountry "CZE"]
[SourceTitle "EXT 2022"]
[Source "ChessBase"]
[SourceDate "2021.10.06"]
[SourceVersion "1"]
[SourceVersionDate "2021.10.06"]
[SourceQuality "1"]
[WhiteTeam "Dobra"]
[BlackTeam "Havirov Slovan"]
[WhiteTeamCountry "CZE"]
[BlackTeamCountry "CZE"]

1. d4 d5 2. c4 e6 3. Nf3 Nf6 4. Bg5 Be7 5. e3 c5 6. cxd5 exd5 7. dxc5 Qa5+ 8. Nc3 0-0 9. Be2 Be6 10. 0-0 Qxc5 11. Rc1 Qb6 12. Na4 Qd8 13. Nc5 Nc6 14. Nd4 Nxd4 15. Qxd4 Qb6 16. Nxe6 Qxe6 17. Rfd1 b6 18. Bf3 Bc5 19. Qd2 Ne4 20. Qxd5 Qxd5 21. Rxd5 Nxg5 22. Rxg5 Rad8 23. Rd5 Rxd5 24. Bxd5 Rd8 25. e4 a5 26. b3 Kf8 27. Kf1 f5 28. f3 fxe4 29. fxe4 Ke7 30. Ke2 Rf8 31. Rf1 Rxf1 32. Kxf1 Kd6 33. Ke2 Ke5 34. Kf3 Bd4 35. Bg8 h6 36. Bd5 Bc5 37. Kg4 Bd4 1/2-1/2

[Event "CZE-chT2F 1718"]
[Site "Czech Republic"]
[Date "2018.01.14"]
[Round "6.8"]
[White "Kana, Pavel"]
[Black "Valencik, Jozef"]
[Result "1/2-1/2"]
[WhiteElo "2038"]
[BlackElo "1973"]
[PlyCount "88"]
[EventDate "2017.10.15"]
[EventType "team-tourn"]
[EventRounds "11"]
[EventCountry "CZE"]
[SourceTitle "EXT 2022"]
[Source "ChessBase"]
[SourceDate "2021.10.06"]
[SourceVersion "1"]
[SourceVersionDate "2021.10.06"]
[SourceQuality "1"]
[WhiteTeam "Karvina"]
[BlackTeam "Havirov Slovan"]
[WhiteTeamCountry "CZE"]
[BlackTeamCountry "CZE"]

1. e4 c5 2. Nf3 Nc6 3. g3 g6 4. Bg2 Bg7 5. 0-0 Nf6 6. Re1 0-0 7. c3 d5 8. e5 Nd7 9. d4 cxd4 10. cxd4 Nb6 11. Nc3 a6 12. Bf4 Bg4 13. h3 Bxf3 14. Bxf3 e6 15. Rc1 Qe7 16. a3 Nc4 17. Rc2 Rfc8 18. Qd3 b5 19. Rec1 N6a5 20. Na2 Qd7 21. h4 Nb6 22. Rxc8+ Rxc8 23. b3 Bf8 24. Rxc8 Qxc8 25. Bd2 Nc6 26. Bc1 Na7 27. Qd2 Nc6 28. Be2 Nd7 29. Kg2 Qc7 30. Bb2 Qb6 31. Bd1 a5 32. Nc1 Qa6 33. Qd3 Qb6 34. Be2 Na7 35. h5 a4 36. hxg6 hxg6 37. b4 Qc6 38. Qc3 Qxc3 39. Bxc3 Nb6 40. f4 Nc4 41. Bxc4 bxc4 42. Ne2 Nb5 43. Bb2 Be7 44. Nc3 Nxc3 1/2-1/2

[Event "CZE-chT2F 1617"]
[Site "Czech Republic"]
[Date "2017.04.02"]
[Round "11.7"]
[White "Valencik, Jozef"]
[Black "Kubos, Rostislav"]
[Result "0-1"]
[WhiteElo "1987"]
[BlackElo "2184"]
[PlyCount "92"]
[EventDate "2016.10.09"]
[EventType "team-tourn"]
[EventRounds "11"]
[EventCountry "CZE"]
[SourceTitle "EXT 2022"]
[Source "ChessBase"]
[SourceDate "2021.10.06"]
[SourceVersion "1"]
[SourceVersionDate "2021.10.06"]
[SourceQuality "1"]
[WhiteTeam "Havirov Slovan"]
[BlackTeam "Orlova Slavia"]
[WhiteTeamCountry "CZE"]
[BlackTeamCountry "CZE"]

1. e4 c5 2. c3 g6 3. d4 cxd4 4. cxd4 d5 5. exd5 Nf6 6. Bb5+ Nbd7 7. Nc3 Bg7 8. Nf3 0-0 9. 0-0 Nb6 10. Re1 Nfxd5 11. Ne5 Nxc3 12. bxc3 Be6 13. Ba3 Nd5 14. Bb2 a6 15. Bd3 b5 16. c4 bxc4 17. Bxc4 Qd6 18. Qd2 Rab8 19. Bb3 Nc7 20. Rac1 Bxe5 21. Rxe5 Bxb3 22. axb3 Rxb3 23. Qc2 Rfb8 24. Qxc7 Qxc7 25. Rxc7 Rxb2 26. Rcxe7 Rd2 27. Re8+ Rxe8 28. Rxe8+ Kg7 29. Kf1 Rxd4 30. Ke2 Rd6 31. Ra8 g5 32. Ra7 h6 33. f3 Kf6 34. g3 Rc6 35. Ke3 Ke6 36. Ra8 Kd5 37. Rd8+ Rd6 38. Rf8 Re6+ 39. Kd3 Rf6 40. Rd8+ Kc6 41. Ke4 a5 42. Ra8 Kb5 43. f4 gxf4 44. gxf4 a4 45. Ke5 Ra6 46. Rb8+ Rb6 0-1

[Event "CZE-chT2F 1516"]
[Site "Czech Republic"]
[Date "2016.01.10"]
[Round "5.58"]
[White "Valencik, Jozef"]
[Black "Mazoch, Jiri"]
[Result "1-0"]
[WhiteElo "1994"]
[BlackElo "1976"]
[PlyCount "185"]
[EventDate "2015.10.18"]
[EventType "team-tourn"]
[EventRounds "11"]
[EventCountry "CZE"]
[SourceTitle "EXT 2022"]
[Source "ChessBase"]
[SourceDate "2021.10.06"]
[SourceVersion "1"]
[SourceVersionDate "2021.10.06"]
[SourceQuality "1"]
[WhiteTeam "Havirov Slovan"]
[BlackTeam "Kromeriz Slavia II"]
[WhiteTeamCountry "CZE"]
[BlackTeamCountry "CZE"]

1. e4 c5 2. c3 d5 3. exd5 Qxd5 4. d4 Nf6 5. Nf3 Bg4 6. Be2 e6 7. 0-0 cxd4 8. cxd4 Be7 9. Nc3 Qd6 10. Nb5 Qd8 11. Bf4 Nd5 12. Bg3 0-0 13. h3 Bh5 14. Ne5 Bxe2 15. Qxe2 Qb6 16. Rfd1 Rd8 17. Rac1 Nc6 18. a4 Na5 19. Qh5 g6 20. Qf3 f6 21. Ng4 Rac8 22. Nc3 Nxc3 23. bxc3 Kg7 24. Qe3 Nc4 25. Qh6+ Kg8 26. Bh4 Rf8 27. Rb1 Qc6 28. Rb5 Nd6 29. Ne5 Qe4 30. f3 Qc2 31. Rc1 Qxa4 32. Nxg6 Rf7 33. Nxe7+ Rxe7 34. Rb4 Qa3 35. Bxf6 Rf7 36. Qg5+ Kf8 37. Qh6+ Ke8 38. Bg5 Kd7 39. Re1 Re8 40. Reb1 b6 41. Bd2 Rg8 42. Re1 Rg6 43. Qe3 Qa2 44. Qd3 b5 45. Re2 a5 46. Rxb5 Qa1+ 47. Rb1 Qa2 48. Bf4 Qc4 49. Qxc4 Nxc4 50. Rb7+ Ke8 51. Rxf7 Kxf7 52. Ra2 Rg8 53. Kf2 Ra8 54. Ke2 Ke7 55. Kd3 Rc8 56. Kc2 Ra8 57. Kb3 Nb6 58. c4 Kd7 59. Bd2 a4+ 60. Kb4 Kc6 61. Be3 Rb8 62. Kc3 Ra8 63. Bf2 Rg8 64. Bg1 Rg5 65. Kb4 h5 66. Be3 Rf5 67. d5+ exd5 68. Bxb6 Kxb6 69. c5+ Kc6 70. Rxa4 Rf4+ 71. Kb3 Rf8 72. Ra5 Rf4 73. Kc3 Rc4+ 74. Kd3 h4 75. Ra8 Rb4 76. Rc8+ Kd7 77. Rg8 Rb2 78. Rg6 Kc7 79. Kc3 Ra2 80. Kd4 Rd2+ 81. Ke3 Rc2 82. Kd4 Rd2+ 83. Ke5 Kd7 84. f4 Rf2 85. f5 d4 86. Rd6+ Kc7 87. Rxd4 Rxg2 88. Rxh4 Kc6 89. f6 Re2+ 90. Re4 Rf2 91. Ke6 Kxc5 92. f7 Rf3 93. Ke7 1-0

[Event "CZE-chT2F 1516"]
[Site "Czech Republic"]
[Date "2015.12.06"]
[Round "4.48"]
[White "Stukner, Simon"]
[Black "Valencik, Jozef"]
[Result "1-0"]
[WhiteElo "2132"]
[BlackElo "1994"]
[PlyCount "41"]
[EventDate "2015.10.18"]
[EventType "team-tourn"]
[EventRounds "11"]
[EventCountry "CZE"]
[SourceTitle "EXT 2022"]
[Source "ChessBase"]
[SourceDate "2021.10.06"]
[SourceVersion "1"]
[SourceVersionDate "2021.10.06"]
[SourceQuality "1"]
[WhiteTeam "Poruba Slavoj II"]
[BlackTeam "Havirov Slovan"]
[WhiteTeamCountry "CZE"]
[BlackTeamCountry "CZE"]

1. c4 e6 2. Nf3 d5 3. g3 Nf6 4. Bg2 Be7 5. 0-0 0-0 6. b3 c5 7. cxd5 exd5 8. d4 Nc6 9. Nc3 Bg4 10. dxc5 Bxc5 11. Bb2 Re8 12. h3 Bh5 13. Rc1 Be7 14. Nd4 Qd7 15. g4 Bg6 16. g5 Ne4 17. Nxe4 Bxe4 18. Bxe4 Qxh3 19. Bg2 Qh5 20. Nxc6 Bxg5 21. e3 1-0

[Event "CZE-chT2F 1415"]
[Site "Czech Republic"]
[Date "2015.04.19"]
[Round "11.16"]
[White "Valencik, Jozef"]
[Black "Dostal, Radim"]
[Result "1-0"]
[WhiteElo "1979"]
[BlackElo "2078"]
[PlyCount "57"]
[EventDate "2014.11.02"]
[EventType "team-tourn"]
[EventRounds "11"]
[EventCountry "CZE"]
[SourceTitle "EXT 2022"]
[Source "ChessBase"]
[SourceDate "2021.10.06"]
[SourceVersion "1"]
[SourceVersionDate "2021.10.06"]
[SourceQuality "1"]
[WhiteTeam "Havirov Slovan"]
[BlackTeam "Poruba Slavoj II"]
[WhiteTeamCountry "CZE"]
[BlackTeamCountry "CZE"]

1. e4 e6 2. d4 d5 3. exd5 exd5 4. c4 Nf6 5. Nf3 Be7 6. Nc3 0-0 7. cxd5 Nxd5 8. Bc4 c6 9. 0-0 Bg4 10. Qd3 Nb4 11. Qe4 Bxf3 12. gxf3 Nd7 13. Be3 Nf6 14. Qf5 Nbd5 15. Nxd5 Nxd5 16. Kh1 Qd6 17. Rg1 Rad8 18. Rg3 Qf6 19. Qg4 Rfe8 20. Rag1 g6 21. Rh3 Nxe3 22. fxe3 Bb4 23. f4 Bd2 24. Rgg3 c5 25. Qh5 Qc6+ 26. d5 Qa4 27. Qxh7+ Kf8 28. d6 Qd1+ 29. Rg1 1-0

[Event "CZE-chT2F 1415"]
[Site "Czech Republic"]
[Date "2015.02.22"]
[Round "8.18"]
[White "Kostka, Vit"]
[Black "Valencik, Jozef"]
[Result "1-0"]
[WhiteElo "1864"]
[BlackElo "1979"]
[PlyCount "75"]
[EventDate "2014.11.02"]
[EventType "team-tourn"]
[EventRounds "11"]
[EventCountry "CZE"]
[SourceTitle "EXT 2022"]
[Source "ChessBase"]
[SourceDate "2021.10.06"]
[SourceVersion "1"]
[SourceVersionDate "2021.10.06"]
[SourceQuality "1"]
[WhiteTeam "Orlova Slavia II"]
[BlackTeam "Havirov Slovan"]
[WhiteTeamCountry "CZE"]
[BlackTeamCountry "CZE"]

1. e4 c5 2. Nf3 d6 3. d4 cxd4 4. Nxd4 Nf6 5. Nc3 g6 6. Be3 Bg7 7. f3 0-0 8. Qd2 Nc6 9. Bc4 Bd7 10. 0-0-0 Rb8 11. h4 b5 12. Be2 Ne5 13. Bh6 Nc4 14. Bxc4 Bxh6 15. Qxh6 bxc4 16. h5 Qb6 17. b3 Qa5 18. Kb2 cxb3 19. axb3 Rfc8 20. Rd3 Rc5 21. Nd5 Rxd5 22. exd5 Qxd5 23. hxg6 fxg6 24. Re1 Qf7 25. f4 e5 26. fxe5 dxe5 27. Nf3 Ng4 28. Qg5 e4 29. Rxe4 Nf2 30. Rxd7 Qxd7 31. Rd4 Qg7 32. Qg3 Nd1+ 33. Kc1 Qh6+ 34. Kxd1 Qh1+ 35. Qe1 Qxg2 36. Qe6+ Kg7 37. Qe5+ Kf7 38. Rf4+ 1-0

[Event "CZE-chT2F 1314"]
[Site "Czech Republic"]
[Date "2014.02.02"]
[Round "7.56"]
[White "Valencik, Jozef"]
[Black "Frolik, Martin"]
[Result "0-1"]
[WhiteElo "1975"]
[BlackElo "2213"]
[PlyCount "83"]
[EventDate "2013.11.03"]
[EventType "team-tourn"]
[EventRounds "11"]
[EventCountry "CZE"]
[SourceTitle "EXT 2016"]
[Source "ChessBase"]
[SourceDate "2015.10.08"]
[SourceVersion "1"]
[SourceVersionDate "2015.10.08"]
[SourceQuality "1"]
[WhiteTeam "Havirov Slovan"]
[BlackTeam "Trinec II"]
[WhiteTeamCountry "CZE"]
[BlackTeamCountry "CZE"]

1. e4 c5 2. c3 d5 3. exd5 Qxd5 4. d4 Nf6 5. Nf3 e6 6. Be2 cxd4 7. cxd4 Nc6 8. Nc3 Qd6 9. 0-0 Be7 10. Bg5 0-0 11. Qd2 a6 12. Rad1 Nd5 13. Bxe7 Ncxe7 14. Ne5 Nxc3 15. bxc3 b5 16. c4 bxc4 17. Nxc4 Qd8 18. Bf3 Rb8 19. Rb1 Bd7 20. Ne5 Bb5 21. Rfc1 Qd6 22. Qb4 Qxb4 23. Rxb4 a5 24. Rb3 f6 25. Ng4 Ba4 26. Rbb1 Rxb1 27. Rxb1 Rd8 28. Rb7 Nf5 29. Ra7 Nxd4 30. Rxa5 Bc6 31. Ra3 Rb8 32. h3 Rb1+ 33. Kh2 Nxf3+ 34. gxf3 h5 35. Ne3 Bxf3 36. Ng2 Bd5 37. Nf4 Rh1+ 38. Kg3 h4+ 39. Kg4 Rg1+ 40. Kh5 Bc6 41. Ng6 Rg5+ 42. Kxh4 0-1

[Event "CZE-chT2F 1314"]
[Site "Czech Republic"]
[Date "2013.12.15"]
[Round "4.45"]
[White "Valencik, Jozef"]
[Black "Krmela, Ales"]
[Result "1-0"]
[WhiteElo "1975"]
[BlackElo "2057"]
[PlyCount "81"]
[EventDate "2013.11.03"]
[EventType "team-tourn"]
[EventRounds "11"]
[EventCountry "CZE"]
[SourceTitle "EXT 2016"]
[Source "ChessBase"]
[SourceDate "2015.10.08"]
[SourceVersion "1"]
[SourceVersionDate "2015.10.08"]
[SourceQuality "1"]
[WhiteTeam "Havirov Slovan"]
[BlackTeam "Hostalkova"]
[WhiteTeamCountry "CZE"]
[BlackTeamCountry "CZE"]

1. e4 c5 2. c3 e6 3. d4 d5 4. exd5 Qxd5 5. Nf3 Nc6 6. Be2 Nf6 7. 0-0 Be7 8. Be3 cxd4 9. Nxd4 Nxd4 10. Bxd4 0-0 11. Bf3 Qb5 12. Qc2 e5 13. c4 Qa5 14. Be3 Bc5 15. Bd2 Qb6 16. Nc3 Bd7 17. Bg5 Rab8 18. Rad1 Bc6 19. Bxc6 Qxc6 20. Bxf6 Qxf6 21. Nd5 Qg6 22. Qe2 Rfe8 23. Rfe1 Kf8 24. Rd3 Rbd8 25. Red1 Rd6 26. b3 a5 27. h3 e4 28. R3d2 f5 29. Nf4 Qh6 30. Rxd6 Bxd6 31. Nd5 Qe6 32. Qe3 Qe5 33. g3 h6 34. Nf4 Kg8 35. Rd5 Qe7 36. Rxf5 g5 37. Nd5 Qe6 38. Nf6+ Kh8 39. Nxe8 Qxf5 40. Nxd6 Qxh3 41. Qxe4 1-0